000 00741nmc a2200265 a 4500
003 AR-BaBNM
005 20251128205114.0
008 136019s1983 ||||||||||||||000 | spa||
020 _a950-25-0006-7
040 _cAR-BaBNM
100 1 _aAzaretto, Roberto
245 1 0 _aHistoria de las fuerzas conservadoras
260 _aBuenos Aires
_bCentro Editor de América Latina
_c1983
300 0 _a155 p.
490 0 _aBiblioteca política argentina
_vv. 7
650 4 _aPOLITICA
650 4 _aHISTORIA POLITICA ARGENTINA
650 4 _aIDEOLOGIAS POLITICAS
650 4 _aCONSERVADURISMO
650 4 _aPARTIDOS POLITICOS ARGENTINOS
651 4 _aArgentina
800 1 _aTroncoso, Oscar
_edirector
942 _cBK
998 _cEnrique
999 _c10012
_d10012